00732nam a2200265Ia 4500008004100000020001800041100003000059245002200089245003000111260001500141260002000156260000900176300001700185300001000202500008700212650002600299650002300325650002300348650001700371650001300388650001300401650002200414650002200436700000800458160803s9999 xx 000 0 und d a9780439671354 aHaddix, Margaret Peterson aAmong the brave / cMargaret Peterson Haddix. aNew York : bScholastic Inc. c2004 a229 pages ;  c22 cm aOriginally published: New York : Simon & Schuster Books for Young Readers, ©2004. aSelf-preservation --  aSocial control --  aSocial control --  aSurvival --  xFiction. xFiction. xJuvenile fiction. xJuvenile fiction. a750